000 01042nam a2200253 i 4500
001 bg
245 0 0 _aEuropejskie uwarunkowania przemian układów regionalnych.
_nCz.1 /
_cpod red. Zbigniewa Zioły.
260 _aRzeszów :
_bWydaw. WSIiZ,
_c1999.
300 _a150 s. :
_bmapy, wykr. ;
_c24 cm.
490 1 _aZeszyty Naukowe / Wyższa Szkoła Informatyki i Zarządzania,
_x1429-5237 ;
_v2/1999
500 _aW nagł. odm. tyt. serii: Zeszyty Naukowe Wyższej Szkoły Informatyki i Zarządzania w Rzeszowie. - Streszcz. pol. po ref.
504 _aBibliogr. po ref.
610 2 9 _aUnia Europejska
_xgospodarka
650 9 _aRegionalizacja gospodarcza
_zPolska
_yod 1989 r.
650 9 _aPolska a Unia Europejska
_xgospodarka
655 _aMateriały konferencyjne
700 1 _aZIOŁO, Zbigniew.
_eRed.
830 0 _aZeszyty Naukowe (Wyższa Szkoła Informatyki i Zarządzania) ;
_v2/1999
040 _cBPK
041 0 _apol
_bpol
080 _a332.1(438:4-67)1989/..."(061)
942 _cKS
008 s pl f |000 0 pol
999 _c42942
_d42942
856 _uhttp://koha.tu.koszalin.pl/cgi-bin/koha/opac-detail.pl?biblionumber=42942
_yKatalog online BPK